1 Timothy, 2 Timothy, Titus, Philemon, Hebrews, James / (Record no. 25284)
[ view plain ]
| 000 -LEADER | |
|---|---|
| fixed length control field | 01642nam a2200397Ii 4500 |
| 001 - CONTROL NUMBER | |
| control field | 1341231889 |
| 003 - CONTROL NUMBER IDENTIFIER | |
| control field | AUA.1 |
| 005 - DATE AND TIME OF LATEST TRANSACTION | |
| control field | 20251121094041.0 |
| 008 - FIXED-LENGTH DATA ELEMENTS--GENERAL INFORMATION | |
| fixed length control field | 251121s2022 idu b 000 0 eng d |
| 020 ## - INTERNATIONAL STANDARD BOOK NUMBER | |
| International Standard Book Number | 9780816368549 |
| 020 ## - INTERNATIONAL STANDARD BOOK NUMBER | |
| International Standard Book Number | 0816368546 |
| 035 ## - SYSTEM CONTROL NUMBER | |
| System control number | (OCoLC)1341231889 |
| 040 ## - CATALOGING SOURCE | |
| Transcribing agency | JTL |
| 050 ## - LIBRARY OF CONGRESS CALL NUMBER | |
| Classification number | BS2735.52 |
| Item number | .S48 2024 |
| 245 00 - TITLE STATEMENT | |
| Title | 1 Timothy, 2 Timothy, Titus, Philemon, Hebrews, James / |
| Statement of responsibility, etc | [edited by Jacques B. Doukhan] |
| 246 1# - VARYING FORM OF TITLE | |
| Display text | At head of title : |
| Title proper/short title | Seventh-day Adventist International Bible Commentary. |
| 260 ## - PUBLICATION, DISTRIBUTION, ETC. (IMPRINT) | |
| Place of publication, distribution, etc | Nampa, ID : |
| Name of publisher, distributor, etc | Pacific Press; |
| -- | Review and Herald; |
| -- | Foundation for Adventist Education and the Zinke Family; |
| Date of publication, distribution, etc | c2024. |
| 300 ## - PHYSICAL DESCRIPTION | |
| Extent | 1038 pages ; |
| Dimensions | 24 cm. |
| 490 1# - SERIES STATEMENT | |
| Series statement | Seventh-day Adventist International Bible Commentary ; |
| Volume number/sequential designation | v. 14. |
| 500 ## - GENERAL NOTE | |
| General note | Initiated and Sponsored by The Foundation For Adventist Education and the Zinke Family. |
| 504 ## - BIBLIOGRAPHY, ETC. NOTE | |
| Bibliography, etc | Includes bibliographical references. |
| 630 00 - SUBJECT ADDED ENTRY--UNIFORM TITLE | |
| Uniform title | Bible. |
| Name of part/section of a work | 1 Timothy |
| Form subdivision | Commentaries. |
| 630 00 - SUBJECT ADDED ENTRY--UNIFORM TITLE | |
| Uniform title | Bible. |
| Name of part/section of a work | 2 Timothy |
| Form subdivision | Commentaries |
| 630 00 - SUBJECT ADDED ENTRY--UNIFORM TITLE | |
| Uniform title | Bible. |
| Name of part/section of a work | Titus |
| Form subdivision | Commentaries. |
| 630 00 - SUBJECT ADDED ENTRY--UNIFORM TITLE | |
| Uniform title | Bible. |
| Name of part/section of a work | Philemon |
| Form subdivision | Commentaries. |
| 9 (RLIN) | 45086 |
| 630 00 - SUBJECT ADDED ENTRY--UNIFORM TITLE | |
| Uniform title | Bible. |
| Name of part/section of a work | Hebrews |
| Form subdivision | Commentaries |
| 9 (RLIN) | 44971 |
| 630 00 - SUBJECT ADDED ENTRY--UNIFORM TITLE | |
| Uniform title | Bible. |
| Name of part/section of a work | James |
| Form subdivision | Commentaries |
| 700 1# - ADDED ENTRY--PERSONAL NAME | |
| Personal name | Doukhan, Jacques, |
| Relator term | general editor. |
| 700 1# - ADDED ENTRY--PERSONAL NAME | |
| Personal name | Cosaert, Carl P., |
| Relator term | author. |
| 700 1# - ADDED ENTRY--PERSONAL NAME | |
| Personal name | Paroschi, Wilson, |
| Relator term | author. |
| 700 1# - ADDED ENTRY--PERSONAL NAME | |
| Personal name | Lehmann, Richard P., |
| Relator term | author. |
| 700 1# - ADDED ENTRY--PERSONAL NAME | |
| Personal name | Cortez, Félix H., |
| Relator term | author. |
| 700 1# - ADDED ENTRY--PERSONAL NAME | |
| Relator term | Maynard-Reid, Pedrito U. |
| Relator code | author. |
| 830 #0 - SERIES ADDED ENTRY--UNIFORM TITLE | |
| Uniform title | Seventh-day Adventist International Bible commentary ; |
| Volume number/sequential designation | v. 14. |
| 942 ## - ADDED ENTRY ELEMENTS (KOHA) | |
| Source of classification or shelving scheme | Library of Congress Classification |
| Koha item type | Reference Book |
| Classification part | BS 2735.52 |
| Item part | .S48 2024 |
| Withdrawn status | Lost status | Source of classification or shelving scheme | Damaged status | Not for loan | Collection code | Home library | Current library | Shelving location | Date acquired | Source of acquisition | Cost, normal purchase price | Serial Enumeration / chronology | Total Checkouts | Full call number | Barcode | Date last seen | Cost, replacement price | Price effective from | Koha item type |
|---|---|---|---|---|---|---|---|---|---|---|---|---|---|---|---|---|---|---|---|
| Library of Congress Classification | Books | Judith Thomas Library | Judith Thomas Library | General Stacks | 21/11/2025 | Bought by JTL | 50.00 | AUA28035 | BS 2735.52 .S48 2024 | AUA28035 | 21/11/2025 | 50.00 | 21/11/2025 | Reference Book |